000 00559cam a2200133 a 4500
050 0 0 _aHC865.Z9
_bP627 2000
245 0 0 _aSecond report on poverty in Kenya :
_bincidence and depth of poverty
260 _a[Nairobi] :
_bMinistry of Finance and Planning,
_c[2000]
300 _a48pgs.
500 _a"June 2000"--Vol. 1, t.p.
500 _a"A report prepared jointly by the Central Bureau of Statistics and the Human Resources and Social Services Departments [sic], with the assistance of GTZ Social Policy Advisory Services."
650 0 _vStatistics.
942 _cGEN
999 _c366
_d366